Understanding radar systems / (Record no. 183496)
[ view plain ]
| 000 -LEADER | |
|---|---|
| fixed length control field | 01057 a2200193 4500 |
| 003 - CONTROL NUMBER IDENTIFIER | |
| control field | Nust |
| 005 - DATE AND TIME OF LATEST TRANSACTION | |
| control field | 20170207153307.0 |
| 010 ## - LIBRARY OF CONGRESS CONTROL NUMBER | |
| LC control number | 92007744 |
| 020 ## - INTERNATIONAL STANDARD BOOK NUMBER | |
| International Standard Book Number | 0077074262 |
| 040 ## - CATALOGING SOURCE | |
| Transcribing agency | Nust |
| 082 00 - DEWEY DECIMAL CLASSIFICATION NUMBER | |
| Classification number | 621.3848 |
| 100 1# - MAIN ENTRY--PERSONAL NAME | |
| Personal name | Kingsley, Simon, |
| 245 10 - TITLE STATEMENT | |
| Title | Understanding radar systems / |
| Statement of responsibility, etc. | Simon Kingsley, Shaun Quegan. |
| 260 ## - PUBLICATION, DISTRIBUTION, ETC. | |
| Place of publication, distribution, etc. | London ; |
| -- | New York : |
| Name of publisher, distributor, etc. | McGraw-Hill, |
| Date of publication, distribution, etc. | c1992. |
| 300 ## - PHYSICAL DESCRIPTION | |
| Extent | ix, 375 p. : |
| Other physical details | ill. ; |
| Dimensions | 23 cm. |
| 505 ## - FORMATTED CONTENTS NOTE | |
| Formatted contents note | Fundamentals (Page-1), Designing A Surveillance Radar (Page-25), Tracking Radar (Page-48), Radar Detection Theory (Page-62), Signal And Data Processing (Page-104), Designing Radar Waveforms (Page-128), Secondary Surveillance Radar (Page-159), Propagations Aspects (Page-171), Radar Studies Of The Atmosphere (Page-190), Over The Horizon Radar (Page-206), Radar Remote Sensing (Page-226), Ground Probing Radar (Page-257), Multistatic Radar (Page-271), Electronic Warfare (Page-286), Recent Developments (Page-296), The Future Of Radar (Page-319). |
| 538 ## - SYSTEM DETAILS NOTE | |
| System details note | Almirah No.34 and Shelv No.4 |
| 650 #0 - SUBJECT ADDED ENTRY--TOPICAL TERM | |
| Topical term or geographic name entry element | Radar. |
| 700 1# - ADDED ENTRY--PERSONAL NAME | |
| Personal name | Quegan, Shaun, |
| Dates associated with a name | 1949- |
| Withdrawn status | Lost status | Source of classification or shelving scheme | Damaged status | Not for loan | Collection code | Permanent Location | Current Location | Date acquired | Total Checkouts | Full call number | Barcode | Date last seen | Price effective from | Koha item type |
|---|---|---|---|---|---|---|---|---|---|---|---|---|---|---|
| Military College of Signals (MCS) | Military College of Signals (MCS) | 12/12/2016 | 621.3848 KIN | MCS5008 | 12/08/2016 | 12/12/2016 | Book |
